South Eastern Kenya University

Library Online Public Access Catalogue


Marley & me : (Record no. 15126)

MARC details
000 -LEADER
fixed length control field 00384cam a22001454a 4500
020 ## - ISBN
International Standard Book Number 0060817089
050 00 - LIBRARY OF CONGRESS CALL NUMBER
Classification Number SF429.L3
Item Number .L3 G76
100 1# - MAIN ENTRY--Author
Personal name Grogan, John,
245 10 - TITLE
Title Marley & me :
Remainder of title life and love with the world's worst dog /
Statement of responsibility, etc John Grogan.
250 ## - EDITIONSTATEMENT
Edition statement 1st ed.
260 ## - PUBLICATION, DISTRIBUTION, ETC.(IMPRINT)
Place of publication, distribution, etc New York :
Name of publisher, distributor, etc Morrow,
Date of publication, distribution, etc c2005.
300 ## - PHYSICAL DESCRIPTION
Extent xi, 308 p. :
650 #0 - SUBJECT--TOPIC
Form subdivision Biography.
942 ## - ADDED ENTRY ELEMENTS(KOHA)
Source of classification or shelving scheme Library of Congress Classification
Koha item type General circulation
Holdings
Source of classification or shelving scheme Not for loan Location (home branch) Sublocation (holding branch) Date accessioned Source of acquisition Full call number Barcode Koha item type
Library of Congress Classification   Main Campus Library Main Campus Library 09/06/2016 Donation-Books for Africa SF 429 .L3 G 76 2016/015106 General circulation
Kitui, Kenya.
+254736116989
library@seku.ac.ke